Circled US Cities Quiz Stats

 Plays Quiz Updated Sep 6, 2021

Support Sporcle.
Go Orange.
Score 0/18 Timer 06:00
1 Play Today
% Correct
San Diego, Anaheim, Long Beach, Los Angeles...
99.6%
San Francisco, Sacramento, Reno, Stockton...
96.8%
Dallas, Oklahoma City, Tulsa, Wichita...
96.7%
Miami, Orlando, Tampa, Hialeah...
96.4%
Tacoma, Seattle, Portland, Boise...
95.8%
Richmond, Virginia Beach, Baltimore, Chesapeake...
95%
Memphis, Nashville, Columbus, Atlanta...
94.1%
Yonkers, New York, Jersey City, & Newark
93.8%
Albuquerque, Denver, Aurora, & Colorado Springs
91.9%
% Correct
Cleveland, Toledo, & Detroit
90.9%
Greensboro, Durham, Raleigh, Charlotte...
90.6%
Lincoln, Omaha, Des Moines, Minneapolis...
90.6%
Boston & Worcester
90.3%
Honolulu & El Paso
89.6%
Lexington, Louisville, Cincinnati, & Indianapolis
89.4%
Anchorage
83.6%
Buffalo & Rochester
83.1%
Laredo & Corpus Christi
57.5%

From the Vault

Vowel/Consonant Countries

by miko

50% spelling, 50% geography, 100% fun.
Remove Ads.
Support Sporcle.
Get the best of Sporcle when you Go Orange. This ad-free experience offers more features, more stats, and more fun while also helping to support Sporcle. Thank you for becoming a member.

Show Comments

Extras

Top Quizzes Today


Score Distribution

Your Account Isn't Verified!

In order to create a playlist on Sporcle, you need to verify the email address you used during registration. Go to your Sporcle Settings to finish the process.

Report this User

Report this user for behavior that violates our Community Guidelines.

Details: